Rodinná politika Spolkove republiky Německo Expertíza

Guardado en:
Detalles Bibliográficos
Autor principal: Moyzesová, Daniela
Formato: Libro
Lenguaje:checo
Publicado: Bratislava Výskumný ústav práce a sociálnych vecí 1991
Edición:1. vyd.
Etiquetas: Agregar Etiqueta
Sin Etiquetas, Sea el primero en etiquetar este registro!

MARC

LEADER 00000nam a2200000 4500
001 c034671
005 20240417083756.7
041 0 |a cze 
044 |a SK 
245 1 0 |a Rodinná politika Spolkove republiky Německo  |b Expertíza  |c Daniela Moyzesová 
250 |a 1. vyd. 
264 1 |a Bratislava  |b Výskumný ústav práce a sociálnych vecí  |c 1991 
300 |a 11 s. 
100 1 |a Moyzesová, Daniela